| 000 | 01165nam a22002657a 4500 | ||
|---|---|---|---|
| 005 | 20170124103159.0 | ||
| 010 | _aB-158091 | ||
| 020 |
_c200.00 _a8170562546 |
||
| 035 | _aB-158091 | ||
| 037 | _bCen Lib/Ret | ||
| 040 |
_aDPL _bHN |
||
| 082 |
_a616.132 _bजोशीब्र |
||
| 100 |
_aजोशी, ब्रह्मादत्त _945637 |
||
| 245 |
_aउच्च रक्तचाप नियंत्रण / _cब्रह्मादत्त जोशी |
||
| 246 |
_aUchch raktchap niyantaran / _bby Sbrhamadatt Joshi |
||
| 260 |
_aजयपुर _bपंचशील प्रकाशन _c2003 |
||
| 270 |
_bजयपुर _aफिल्म कॉलोनी, चौड़ा रास्ता _e302003 |
||
| 300 |
_a175पृ. _c21सेमी(सजिल्द ) |
||
| 500 | _aपरिशिष्ट शामिल | ||
| 650 |
_aउच्च रक्तचाप -- नियंत्रण _x _z _991291 |
||
| 650 |
_aरक्त चाप जांच _9918 |
||
| 650 |
_aHigh BP - control _991292 |
||
| 650 |
_aBlood pressure check _991293 |
||
| 942 |
_2ddc _cHN _h616.132 _mजोशीब्र |
||
| 999 |
_c120563 _d120563 |
||